|
|
|
|
| LEADER |
00000cam a2200000 c 4500 |
| 001 |
275526577 |
| 003 |
DE-627 |
| 005 |
20240418213540.0 |
| 007 |
tu |
| 008 |
880415s1987 no ||||| 00| ||nor c |
| 020 |
|
|
|a 8203156169
|9 82-03-15616-9
|
| 035 |
|
|
|a (DE-627)275526577
|
| 035 |
|
|
|a (DE-576)013933108
|
| 035 |
|
|
|a (DE-599)GBV275526577
|
| 035 |
|
|
|a (OCoLC)246764983
|
| 035 |
|
|
|a (OCoLC)19627948
|
| 035 |
|
|
|a (OCoLC)19627948
|
| 040 |
|
|
|a DE-627
|b ger
|c DE-627
|e rakwb
|
| 041 |
|
|
|a nor
|
| 044 |
|
|
|c XA-NO
|
| 084 |
|
|
|a 7,22
|2 ssgn
|
| 100 |
1 |
|
|a Ringdal, Nils Johan
|d 1952-2008
|0 (DE-588)121932044
|0 (DE-627)081628951
|0 (DE-576)164744126
|4 aut
|
| 109 |
|
|
|a Ringdal, Nils Johan 1952-2008
|a Ringdal, Nils J. 1952-2008
|
| 245 |
1 |
0 |
|a Mellom barken og veden
|b politiet under okkupasjonen
|c Nils Johan Ringdal
|
| 264 |
|
1 |
|a Oslo
|b Aschehoug
|c 1987
|
| 300 |
|
|
|a 407 S.
|b Ill
|
| 336 |
|
|
|a Text
|b txt
|2 rdacontent
|
| 337 |
|
|
|a ohne Hilfsmittel zu benutzen
|b n
|2 rdamedia
|
| 338 |
|
|
|a Band
|b nc
|2 rdacarrier
|
| 583 |
1 |
|
|a Archivierung/Langzeitarchivierung gewährleistet
|f SLG
|x XA-DE-BW
|z BfZ
|2 pdager
|5 DE-24
|
| 856 |
4 |
2 |
|u http://www.gbv.de/dms/ub-kiel/052459489.pdf
|m V:DE-601
|m B:Bibl.ISILDE-601
|q pdf/application
|x Verlag
|z kostenfrei
|3 Inhaltsverzeichnis
|7 0
|
| 889 |
|
|
|w (DE-627)052459489
|
| 935 |
|
|
|i mdedup
|
| 951 |
|
|
|a BO
|
| ELC |
|
|
|b 1
|
| LOK |
|
|
|0 000 xxxxxcx a22 zn 4500
|
| LOK |
|
|
|0 001 3288615533
|
| LOK |
|
|
|0 003 DE-627
|
| LOK |
|
|
|0 004 275526577
|
| LOK |
|
|
|0 005 20151023143610
|
| LOK |
|
|
|0 008 880415||||||||||||||||ger|||||||
|
| LOK |
|
|
|0 040
|a DE-21
|c DE-627
|d DE-21
|
| LOK |
|
|
|0 852
|a DE-21
|
| LOK |
|
|
|0 852 1
|c KB 18 A 3426
|9 00
|
| LOK |
|
|
|0 935
|a krim
|
| LOK |
|
|
|0 939
|a 15-04-88
|b l01
|
| ORI |
|
|
|a SA-MARC-krimdoka001.raw
|
| SIG |
|
|
|a UB: KB 18 A 3426
|